| 000 | 00519nam a2200157 4500 | ||
|---|---|---|---|
| 001 | 138680 | ||
| 003 | ES-MaACL | ||
| 005 | 20230906195619.0 | ||
| 007 | t| | ||
| 008 | 070214s1956 sp r ||||1| spa d | ||
| 100 | 1 |
_aSantiago, Rodrigo A. de. _9103386 |
|
| 245 | 1 | 0 |
_aDe la transcripción _b: estética e iniciación a la transcripción para banda / _cpor Rodrigo A. de Santiago. |
| 260 |
_aLa Coruña : _b[s. n.], _c1956 ( _fImp. Roel) |
||
| 300 |
_a132 p., 2 lám. ; _c22 cm. |
||
| 852 |
_aES-MaACL _jC-39365 _bR.75217 |
||
| 999 |
_c138680 _d138680 |
||